[Event "Crete Poa op"]
[Site "Crete"]
[Date "2012.04.28"]
[Round "5"]
[White "Chatzidaki, Dimokratia"]
[Black "Stratigi, Maria Eirini"]
[Result "1-0"]
[WhiteElo "1030"]
[BlackElo "1010"]
[PlyCount "119"]
[EventDate "2012.04.26"]
[EventType "swiss"]
[EventRounds "7"]
[EventCountry "GRE"]
[SourceTitle "EXT 2024"]
[Source "ChessBase"]
[SourceDate "2023.10.10"]
[SourceVersion "1"]
[SourceVersionDate "2023.10.10"]
[SourceQuality "1"]

1. e4 e5 2. Nf3 Nc6 3. Bc4 Bc5 4. d3 Nge7 5. 0-0 d6 6. Be3 Bb6 7. c3 Bg4 8. h3 Bh5 9. a4 0-0 10. b4 a6 11. Nbd2 d5 12. exd5 Nxd5 13. Bxb6 Nxb6 14. Qb3 Nd7 15. Rfe1 Qe7 16. d4 Qf6 17. Bd5 Bxf3 18. Nxf3 exd4 19. Bxc6 Qxc6 20. Nxd4 Qf6 21. Qd5 Qd6 22. Qxb7 Qb6 23. Qxb6 Nxb6 24. Re7 Rac8 25. Re2 Rfe8 26. b5 axb5 27. axb5 Rxe2 28. Nxe2 c6 29. Ra6 Na8 30. bxc6 Kf8 31. Ra7 Nc7 32. Nd4 h6 33. c4 g6 34. Nb5 Ne6 35. c7 Ke7 36. Rb7 Kd7 37. Rb8 Nxc7 38. Rxc8 Kxc8 39. Nxc7 Kxc7 40. Kf1 Kd6 41. Ke2 Kc5 42. Kd3 f5 43. f4 g5 44. g3 gxf4 45. gxf4 h5 46. h4 Kc6 47. Kd4 Kd6 48. c5+ Kc6 49. Ke5 Kxc5 50. Kxf5 Kd6 51. Kg6 Ke6 52. f5+ Ke7 53. Kg7 Kd6 54. f6 Ke5 55. f7 Kf5 56. f8Q+ Kg4 57. Kf6 Kf4 58. Kg6+ Kg3 59. Qb4 Kf3 60. Kf5 1-0